Finance green paper: striving for fairness (Record no. 65383)

MARC details
000 -LEADER
fixed length control field 01310cam a2200241 4500
001 - CONTROL NUMBER
control field ABS63157
008 - FIXED-LENGTH DATA ELEMENTS--GENERAL INFORMATION
fixed length control field 000000n2000 000 0 eng u
035 ## - SYSTEM CONTROL NUMBER
System control number (Sirsi) u109513
100 ## - MAIN ENTRY--PERSONAL NAME
Personal name Hughes, B
245 ## - TITLE STATEMENT
Title Finance green paper: striving for fairness
260 ## - PUBLICATION, DISTRIBUTION, ETC.
Date of publication, distribution, etc. 2000
490 ## - SERIES STATEMENT
Series statement IRRV Insight
Volume/sequential designation (35) November 2000, 10(1)
520 ## - SUMMARY, ETC.
Summary, etc. Local government minister outlines aims for the green paper, "Modernising local government finance", and highlights the importance of IRRV participation. Explains how the supplementary business rate will work, emphasising the need for local business support. Discusses findings from a review of business rate revaluation: no major changes were identified, but it was found that more consultation between the VOA and ratepayers would be beneficial. Other areas of consultation include the possibility of having a fixed revaluation cycle for council tax with more frequent intervals, and changes to the billing responsibility. The green paper is available at: www.local.detr.gov.uk.
590 ## - LOCAL NOTE (RLIN)
Local note ABS
650 ## - SUBJECT ADDED ENTRY--TOPICAL TERM
Topical term or geographic name entry element IRRV
650 ## - SUBJECT ADDED ENTRY--TOPICAL TERM
Topical term or geographic name entry element REVALUATION
650 ## - SUBJECT ADDED ENTRY--TOPICAL TERM
Topical term or geographic name entry element COUNCIL TAX
650 ## - SUBJECT ADDED ENTRY--TOPICAL TERM
Topical term or geographic name entry element BUSINESS RATES
650 ## - SUBJECT ADDED ENTRY--TOPICAL TERM
Topical term or geographic name entry element GREEN PAPER
650 ## - SUBJECT ADDED ENTRY--TOPICAL TERM
Topical term or geographic name entry element LOCAL GOVERNMENT FINANCE
690 ## - LOCAL SUBJECT ADDED ENTRY--TOPICAL TERM (OCLC, RLIN)
Topical term or geographic name as entry element MANAGEMENT-BUSINESS MANAGEMENT-FINANCIAL MANAGEMENT
942 ## - ADDED ENTRY ELEMENTS (KOHA)
Suppress in OPAC 0
Holdings
Withdrawn status Lost status Source of classification or shelving scheme Damaged status Not for loan Home library Current library Shelving location Date acquired Total Checkouts Full call number Barcode Date last seen Copy number Price effective from Koha item type
    Dewey Decimal Classification     London London Journal article 27/11/2000   ABS63157 109513-1001 06/08/2019 1 06/08/2019 Journal article